000 00774nam a2200253Ia 4500
003 OSt
005 20220916110907.0
006 a|||||r|||| 00| 0
007 ta
008 220915b |||||||| |||| 00| 0 hin d
024 _a207170
037 _cTextbook
040 _bhin
_aARTS
_cARTS
041 _ahin
082 _aO152,8NSUx, M0
100 _aसुरीरवाला, रोशनलाल
245 0 _aगित्तले
246 _aGittale
260 _aदिल्ली
_bप्रभात प्रका0
_c1980
300 _a135पृ0
_ccm.
650 _aहिन्दी साहित्य
942 _hO152,8NSUx, M0
_cTB
_2CC
999 _c100633
_d100633